01482nam a2200265Ia 4500001000900000003000500009005001700014008004100031010001100072020001800083040000900101082002100110111012100131245049600252260004800748300001000796504002900806650003200835650003500867650004900902650005700951700004301008700004401051711012101095dia_3561CHAP20230608135134.0220117s2002 xx 000 0 und d a177000 a970-654-973-0 cCHAP a636.082 S46 2002 aSeminario Internacional en Reprodución Animal y Producción de Leche y Carne (2001 Marzo 15-16 : México, D. F.) aMemorias I Seminario Internacional en Reproducción Animal y Producción de Leche y Carne : ecodesarrollo de la producción animal /c compilación Alejandro Córdova Izquierdo y Jorge Alberto Saltijeral Oaxaca ; organizado por División de Ciencias Biológicas y de la Salud Departamento de Producción Agrícola y Animal área de Investigación Ecodesarrollo de la Producción Animal , 15-16 Marzo 2001 en la Sala de Seminarios de Rectoría General de la UAM, México, D. F. aMéxico :b UAM. Unidad Xochimilco,c2002 a66 p. aBibliografía: p. 64-65 aAnimal breedingxCongresses aAnimal husbandryxCongresses  aGanaderíaxCongresos, conferencias, etc.  aMejoramiento animalxCongresos, conferencias, etc.  aCórdova Izquierdo, Alejandro, comp.  aSaltijeral Oaxaca, Jorge Alberto, comp. aSeminario Internacional en Reprodución Animal y Producción de Leche y Carne (2001 Marzo 15-16 : México, D. F.)